00486nam a2200157Ia 45000010006000000050017000060080041000230410008000640820015000721000033000872450155001202600009002753000028002846500008003126540008003202083420260306172834.0260306t2025||||xx |||||||||||||| ||spa|| aESP a343.8bF62 aFlores Gallegos, Jorge,eAUT 0aTratamiento tributario de los medios de pago exigidos en la bancarización :bnuevas disposiciones y sus implicancias tributarias - Casos prácticos c2025 a334 páginas :c24 cm. aGEN aCDE